[Event "EU-ch 20th"]
[Site "Skopje"]
[Date "2019.03.20"]
[Round "3"]
[White "Quparadze, Giga"]
[Black "Onischuk, Vladimir"]
[Result "1-0"]
[WhiteElo "2501"]
[BlackElo "2626"]
[Annotator "Fernandez,D"]
[PlyCount "123"]
[EventDate "2019.03.18"]
[EventType "swiss"]
[EventRounds "11"]
[EventCountry "MKD"]
[Tiebreak "Sum of Buchholz"]
[SourceTitle "CBM 189"]
[Source "ChessBase"]
[SourceDate "2019.04.29"]
[SourceVersion "1"]
[SourceVersionDate "2019.04.29"]
[SourceQuality "1"]

{[%evp 0,123,19,31,76,64,72,86,82,53,37,42,19,51,47,26,76,40,54,27,58,18,58,48,
63,74,47,67,57,69,55,29,11,13,74,90,106,40,61,9,9,-3,-21,-2,-2,-2,-5,-41,-23,
-23,-23,-38,33,56,25,41,40,32,40,40,57,69,75,46,46,46,46,46,115,100,125,121,
121,103,103,97,111,102,107,104,125,133,137,108,123,135,131,131,129,106,128,112,
119,147,167,157,157,162,177,163,161,158,158,154,259,266,320,365,359,360,416,
342,342,349,329,400,427,424,424,455,1002,1012,1012,1449,29987,29988]} 1. e4 d6
2. d4 g6 3. Nc3 Bg7 4. f4 Nf6 5. Nf3 O-O 6. Bd3 ({The Black player, of course,
has significant experience in this line. Let us digress a little:} 6. Be3 Nc6 (
6... b6 7. e5 Ng4 8. Bg1 c5 {is the main discussion on ChessPublishing; now} 9.
Qe2 $5 cxd4 10. Bxd4 Nc6 {seems to work out fine for Black.}) 7. e5 Ng4 8. Bg1
dxe5 9. fxe5 (9. dxe5 {is a better idea to try and get an edge}) 9... f6 10. h3
Nh6 11. e6 Nb4 12. Bc4 c6 13. Qe2 Nf5 14. Bf2 Nd6 (14... Nd5 $5 {sees Black
try and be better}) 15. Bb3 $13 {Christiansen,J -Onischuk,V Budapest HUN 2018})
6... Na6 (6... Nc6 {has been the main move and the one I analysed a game for
this site in:} 7. e5 (7. O-O e5 $1 (7... Bg4 {This move is most natural to me,
but I don't think it gets the job done after} 8. e5 $1 (8. Be3 e5 9. fxe5 dxe5
10. d5 Nd4 $11)) 8. dxe5 (8. fxe5 dxe5 9. d5 (9. dxe5 Nxe5 10. Nxe5 Qd4+ 11.
Kh1 Qxe5 12. Bf4 Qc5 $11) 9... Nd4 (9... Ne7 $5 {Possible, and likely of equal
value.} 10. Qe1 (10. Nxe5 c6 $1 {gives White nothing}) 10... c6 11. dxc6 Nxc6
12. Be3 {and Black must get active quickly or be worse.}) 10. Nxe5 Nxd5 (10...
Nxe4 11. Nxe4 Bxe5 12. c3 Nf5 13. Qf3 {and it transpires White has no real
attack after a natural move like} Kg7 $11 {intending ...Nd6.}) 11. Nxd5 (11.
exd5 Bxe5 12. Bf4 Bg7 13. Qd2 c6 $132) 11... Bxe5 12. Bf4 Nc6 13. Qd2 Be6 14.
Bh6 (14. Bxe5 Nxe5 15. Nf6+ Kg7 16. Qc3 Qd6 $11) 14... Bxb2 (14... Bxd5 15.
Bxf8 Bxe4 16. Bh6 Bxd3 $14) (14... Bg7 $1 $11) 15. Rab1 Bd4+ 16. Kh1 Bxd5 17.
exd5 Qxd5 18. Bxf8 Rxf8 $14) 8... dxe5 9. f5 Nb4 $11 {Black is doing fine
after he eliminates the enemy bishop pair, e.g. Womacka,M-Saric,I Germany 2017}
) 7... dxe5 (7... Nd7 $5 8. Ne4 Nb4 $132) 8. fxe5 (8. dxe5 {is more solid, as
always.} Nd5 9. Nxd5 (9. Bd2 Nb6 10. a3 f6 $11) 9... Qxd5 10. Qe2 Bg4 (10...
Be6 $5) 11. Be4 Qd7 12. Be3 Rad8 (12... Nd4 13. Bxd4 Bxf3 14. Qxf3 Qxd4 15. c3
Qa4 $13) 13. O-O Nd4 14. Qf2 Bf5 15. Bxf5 Nxf5 16. Bd2 $11 {0-1 (53)
Petriashvili,N (2329)-Kobo,O (2500) Batumi GEO 2018}) 8... Nh5 9. Be3 (9. Bc4
Bg4 10. Be3 Na5 {transposes}) (9. Ne2 f6 10. exf6 exf6 11. c3 Be6 12. O-O Re8
$11) 9... Bg4 10. Be2 (10. Bc4 Na5 (10... Qd7 $5) 11. Be2 c5 12. d5 (12. dxc5
Qb8 13. O-O Bxe5 $11) 12... Qb6 13. O-O Bxf3 14. Bxf3 Bxe5 15. Ne4 $13) 10...
f6 {At this point, Black has completely neutralised White's aggression} 11.
exf6 (11. d5 Nxe5 12. Nxe5 Bxe2 13. Qxe2 fxe5 14. O-O-O $13) 11... Nxf6 12. Qd2
(12. h3 Bxf3 13. Bxf3 e5 14. Bxc6 bxc6 15. O-O (15. dxe5 $2 Nd5 16. Nxd5 Qh4+
17. Ke2 Qe4 {with a huge attack}) 15... Nd5 $11) (12. O-O Qd7 13. Qd2 Rad8 $11)
12... Nd5 13. Nxd5 (13. O-O-O {is more ambitious, but the position remains
complex after} Bxf3 14. Bxf3 Nxe3 15. Qxe3 Nxd4 16. Ne2 c5 $13) 13... Qxd5 14.
O-O e5 $11 {And Black has completely equalised: Drygalov,A-Matlakov,M Sochi
2018.}) 7. O-O c5 8. d5 Rb8 9. a4 Nc7 10. Bc4 {White immediately threatens to
push e5.} (10. Qe1 $14 {seems rather more natural}) 10... a6 11. a5 Nb5 ({
Clearly, the text was preparation, and it's not bad. Also worthy of attention
is} 11... e6 12. dxe6 Bxe6 13. Bxe6 Nxe6 14. f5 gxf5 $5 15. exf5 Nc7 {when
it's not yet clear whether White's kingside attack will arrive before Black's
central play spearheaded by the d-pawn.}) 12. Bxb5 $1 axb5 13. e5 Ne8 (13...
Nd7 14. exd6 exd6 15. Nxb5 Nf6 16. c4 Re8 $44 {might be a clearer path to
compensation, since the Black knight plays more of a role}) 14. Nxb5 Ra8 15.
Bd2 (15. Qd2 $5) 15... dxe5 16. Nxe5 $6 {Likely losing the advantage.} (16.
fxe5 Qxd5 17. Nc3 Qc6 18. Bg5 $14) 16... Qxd5 17. Be3 Qe4 18. Qd3 (18. Bxc5
Bxe5 19. fxe5 Qc4 {is a material imbalance that, while looking fine for White,
is going to be easier for Black to handle.}) 18... Qxd3 19. cxd3 Bf5 20. Rfd1
Nf6 21. Bxc5 Nd5 {Now Black has compensation. Both sides handled this part of
the game excellently.} 22. g3 Rfc8 23. b4 g5 $1 24. Nd4 Bg6 25. Ne2 gxf4 26.
Nxf4 Nxb4 27. Nexg6 Rxc5 28. Nxe7+ Kf8 29. Rab1 Bd4+ (29... Nc2 $11 {was okay
immediately}) 30. Kh1 Nc2 31. Ned5 Ra7 ({It is hard to explain not taking on
a5 immediately:} 31... Raxa5 $11 {but most likely the problem was with the line
} 32. Rxb7 Rxd5 33. Nxd5 Rxd5 34. Rf1 {when Black has to play the
artificial-looking} f5 35. Rc1 Rc5 {, in which he might lose a piece if he
didn't have the silicon friend telling him there was nothing to worry about.})
32. Rdc1 Raxa5 33. Rf1 {Again, offering the line from the previous note.} Kg8
34. Rxb7 $16 {Now White has a clean pawn and this is hell to defend.} Ra1 35.
Rxa1 Bxa1 36. Nh5 h6 37. Nhf4 Bd4 38. Rb8+ Kh7 39. Re8 Ra5 40. Kg2 Ra1 41. Re2
Ne1+ 42. Kh3 Nf3 43. Kg4 Rf1 44. Re7 Kg8 45. h4 Ne5+ 46. Kh5 Nxd3 47. Kxh6 Bg7+
48. Kg5 Ne5 49. Kh5 Ng6 50. Re8+ Kh7 51. Nh3 Be5 $2 {It was far from obvious,
but this is the decisive mistake.} (51... Bh6 $1 $16 {was the way to prevent
both Ne3-f5 and Ng5. Obviously, White can continue having fun for a while, but
the position has now simplified enough to be more or less defensible.}) 52. Ne3
$1 Rf6 {Black's pieces get bunched up here, but there wasn't really a choice.}
(52... Rh1 53. Ng5+ Kg7 54. Nf5+ Kf6 55. Kg4 $18) (52... Ra1 53. Ng5+ Kg7 54.
Nf5+ Kf6 55. g4 $1 $18) 53. Ng5+ Kg7 54. Kg4 Bd6 55. Nf5+ Rxf5 56. Kxf5 Bxg3
57. h5 Ne5 58. Ne4 Nc4 59. Kg5 Be5 60. h6+ Kh7 61. Kh5 f6 62. Re7+ 1-0

[Event "Tata Steel-A 81st"]
[Site "Wijk aan Zee"]
[Date "2019.01.18"]
[Round "6"]
[White "Van Foreest, Jorden"]
[Black "Fedoseev, Vladimir1"]
[Result "1-0"]
[WhiteElo "2612"]
[BlackElo "2724"]
[Annotator "Fernandez,D"]
[PlyCount "91"]
[EventDate "2019.01.12"]
[EventType "tourn"]
[EventRounds "13"]
[EventCountry "NED"]
[EventCategory "21"]
[SourceTitle "CBM 188"]
[Source "ChessBase"]
[SourceDate "2018.12.21"]
[SourceVersion "1"]
[SourceVersionDate "2018.12.21"]
[SourceQuality "1"]

1. e4 d6 2. d4 Nf6 3. Nc3 g6 4. f4 Bg7 {It strikes me that playing the Pirc in
a high-level tournament is just a little disrespectful, though of course chess
is moving in that direction and neither Fedoseev nor Rapport is at all letting
down their brand by doing this kind of thing.} 5. a3 $1 {Regaining the moral
high ground.} (5. Nf3 {is of course the main move.} O-O (5... c5 {exists too,
e.g.} 6. Bb5+ Bd7 (6... Nc6 7. dxc5 (7. e5 Nd7 8. d5 Nd4 9. Nxd4 cxd4 10. Qxd4
O-O 11. Bxd7 Qxd7 12. O-O Qf5 13. Qd1 dxe5 14. fxe5 Qxe5 $15 {Wei,Y-Rapport,R
Yancheng 2016}) 7... O-O 8. O-O $14) 7. e5 Ng4 8. e6 fxe6 9. Ng5 Bxb5 10. Nxe6
Bxd4 {Now White can take the famous draw by perpetual that results from Nxd8,
or head for:} 11. Nxb5 $5 Qa5+ 12. Qd2 Bf2+ (12... Qxd2+ 13. Bxd2 Kd7 14. Nec7
a6 15. Nxa8 axb5 $44) 13. Kd1 Ne3+ 14. Ke2 Qxb5+ 15. Kxf2 Ng4+ 16. Kg3 Na6 (
16... Qd7 17. Re1 Nc6 18. b3 Nh6 19. Bb2 $16 {Nakamura,H-Harikrishna,P Biel
2012}) 17. Kxg4 (17. b3 $1 $14) 17... Qd7 $15 {McPhillips,J -Davis,L
Aberystwyth 2014}) 6. a3 Bg4 7. Be2 Bxf3 8. Bxf3 e5 9. fxe5 dxe5 10. d5 c6 11.
dxc6 Nxc6 12. Qxd8 Rfxd8 13. Bg5 Nd4 $11 {Anand,V-Nepomniachtchi,I Moscow 2018}
) 5... Nc6 6. Nf3 O-O 7. Be2 (7. d5 Nb8 {does leave White tempi up, but he
will be facing ...c6 and ...Qb6 soon.}) 7... d5 {A principled answer to
White's cautious play.} (7... Bg4 {is fully in the spirit of the position, but}
8. d5 Nb8 9. h3 Bxf3 10. Bxf3 c6 11. Be3 $14 {now gains too much time.}) 8. e5
Ne4 9. Bd3 f5 (9... Nxc3 10. bxc3 {was more standard, and now Black can choose
between the adventurous ...Bf5 and the normal ...c5.}) 10. O-O (10. exf6 exf6
$1 $15) 10... e6 11. Be3 b6 12. Ng5 $6 ({White should resist the temptation to
make everything about the e4-knight, and play around it:} 12. Ne2 $11) 12...
Nxg5 13. fxg5 f4 $6 (13... Nxe5 14. dxe5 d4 15. Ne4 $1 dxe3 (15... fxe4 {
is more human:} 16. Bxe4 dxe3 17. Bxa8 Qxd1 18. Rfxd1 Bxe5 $44) 16. Nf6+ Bxf6
17. exf6 Bb7 $11 {Black is trying to be better, but it may or may not be
working.}) 14. Rxf4 (14. Bxf4 Nxd4 15. Bxg6 hxg6 16. Qxd4 Ba6 {is similar
enough}) 14... Rxf4 15. Bxf4 Nxd4 16. Bxg6 hxg6 17. Qxd4 $14 {White is better
here, but the position is hard to handle. It was probably this that Fedoseev
was banking on.} Ba6 {Now, predictably, White makes a sequence of second-best
moves, and the game slips out of his control.} 18. Qa4 (18. h4 Qe7 19. a4 c5
20. Qd2 $14 {is indicative of how White could maybe try to keep things under
better control}) 18... Bb7 19. Bg3 Qxg5 20. Qd7 Qg4 21. Nb5 Rf8 22. Nxc7 Bc8
23. Qe7 (23. Qb5 Qd4+ 24. Kh1 Bxe5 $15) 23... Qf5 24. Qd6 $2 {In a normal game,
this would have been the final portion of the slide.} (24. h3 Bxe5 25. Bxe5
Qxe5 26. c3 $11 {White just about holds equality due to his active queen and
knight.}) 24... Bh6 25. h3 Be3+ 26. Kh2 Bc5 27. Qc6 Qxc2 $19 {Black is winning,
although nothing is ever guaranteed in chess.} 28. Qb5 Be7 $6 (28... Bd4 {
attacks slightly more pawns.}) 29. Na6 {Now, in a worse position, Jorden
begins playing extremely well.} d4 ({Many players would instinctively snap off
the knight with} 29... Bxa6 {regardless of whether it is actually best; this
mitigates the possibility of future drama.} 30. Qxa6 Qxb2 $17) 30. Nb4 Bxb4 31.
Qxb4 Bb7 32. Rg1 d3 $2 ({Some fraction of Black's edge remains, and can
perhaps be best exploited starting} 32... Qe4 {with some other consolidating
moves to follow (...Bd5.) There is a possibility of continuing with ...Rf1.})
33. Qg4 $1 d2 34. Qxe6+ Kg7 35. Qd7+ Rf7 36. Qd4 Kg8 (36... Qe4 {was best, but
depressing.}) 37. e6 Rf8 38. e7 Re8 39. Rd1 $3 {On move 39, and with a minute
on his clock, the Dutch talent finds this supremely calculated move. Sure, the
position had to be winning, but it takes a special something to notice the
precise sequence of checks needed, under the pressure that undoubtedly was
there.} Qc6 {Played after a long, sad think.} (39... Qxd1 40. Qc4+ {Now there
are 2 important lines. True, ...Bd5 does cut out a later queen-lift along the
4th rank, but in those lines White will be winning even if he chooses to just
win the rook for the e-pawn.} Kg7 (40... Kh7 41. Qf7+ Kh6 42. Bf4+ g5 43. Qf6+
Kh7 44. Qf5+ $1 {This is the main difficult move in the calculation. Though,
saying that, since a perpetual is guaranteed, a certain kind of player would
go for the line even without seeing Qf5.} Kg7 45. Be5+ Kh6 46. Qf6+ Kh5 47.
Qf7+ Kh6 48. Qg7+ Kh5 49. Qh7#) 41. Be5+ Kh6 42. Qf4+ $1 {Avoiding the
blockage on h5.} Kh7 43. Qf7+ Kh6 44. Qf8+ $1 {Either this queen or the next
will deliver a decisive check on f6 or f4; another big check will come from
the g-pawn, and then it will be mate.}) 40. Rxd2 Rxe7 41. Qg4 $6 (41. Bd6 {
is supposedly the best winning line}) (41. Qh4 Rd7 42. Re2 {was given by
Svidler and Gustafsson- not necessarily threatening anything immediately, but
trusting that there will be calculable wins after the inevitable Black
inaccuracies.}) 41... Qe4 42. Qg5 Rd7 43. Rf2 Rf7 44. Qd8+ Kg7 45. Bf4 Qd5 $4 {
Giving White a chance to finish the game.} (45... Kh7 {kept the game going,
and in fact White's activity is now under some kind of control, so it's
possible to envisage him not winning this.}) 46. Qb8 {Here Black resigned.} (
46. Qb8 {threatens Be5 and Qh8. There are a few defenses which it would occur
to a human to play.} Kh7 (46... Rf5 47. Rd2 Qe4 48. Rd7+ Rf7 49. Be5+) (46...
Re7 47. Bd2 $1 {and the long-diagonal check is nevertheless unstoppable;}) 47.
Be5 Qxe5+ 48. Qxe5 Rxf2 $18 {and now a seventh-rank check wins the bishop, so
the game is over.}) 1-0

[Event "Budapest Krenosz Memorial"]
[Site "Budapest"]
[Date "1976.06.20"]
[Round "5"]
[White "Filipowicz, Andrzej"]
[Black "Ozsvath, Andras"]
[Result "1-0"]
[WhiteElo "2385"]
[BlackElo "2315"]
[Annotator "Filipowicz/Tompa"]
[PlyCount "61"]
[EventDate "1976.06.16"]
[EventType "tourn"]
[EventRounds "15"]
[EventCountry "HUN"]
[SourceTitle "EXT 2021"]
[Source "ChessBase"]
[SourceDate "2020.10.23"]
[SourceVersion "1"]
[SourceVersionDate "2020.10.23"]
[SourceQuality "1"]

1. e4 g6 2. d4 d6 3. Nc3 Bg7 4. f4 Nf6 5. Nf3 O-O 6. Be2 c5 7. dxc5 Qa5 8. O-O
Qxc5+ 9. Kh1 Nc6 (9... Nbd7 $5) (9... b5 $6 10. e5 dxe5 11. fxe5 Ng4 12. Qd5
Qb6 13. Bg5 $1 $16 (13. Qxa8 $6 Bb7 14. Nd5 Qa6 15. Nc7 Qb6 $11 {
Vlagsma-Bobikiewicz, Beverwijk,1962})) 10. Bd3 Nb4 (10... Bg4 $142) 11. Qe1
Nxd3 12. cxd3 Bd7 13. Be3 Qa5 14. Rc1 (14. Nd5 Qxe1 15. Nxe7+ Kh8 16. Raxe1
Rae8 17. e5 Rxe7 18. exf6 Bxf6 19. Bd4 Re6 $11) 14... Rfc8 15. Qh4 Bc6 (15...
Ng4 16. Bd2 Qd8 17. d4) 16. f5 $1 b5 17. fxg6 hxg6 18. Ng5 b4 19. Bd4 $3 Rc7 (
19... bxc3 20. Rxf6 exf6 21. Qh7+ Kf8 22. Bxf6) (19... Qd8 20. Rxf6 (20. Nd5)
20... exf6 21. Qh7+ Kf8 22. Rf1 Rc7 (22... bxc3 23. Bxf6 Qxf6 24. Rxf6 Be8 25.
Qxg6 $18) 23. Ne2 $18) 20. Ne2 Rac8 21. Bxf6 exf6 22. Qh7+ Kf8 23. Ne6+ $3 fxe6
24. Nf4 Bd7 (24... Qxa2 25. Nxg6+ Ke8 26. Qg8+ Kd7 27. Qxg7+ Kd8 28. Qf8+ Be8
29. Qxf6+ $18) (24... Kf7 25. Qxg6+ Kg8 26. Nh5 Rf7 27. Nxf6+ Rxf6 28. Rxf6 $18
) 25. Nxg6+ Kf7 26. Rxf6+ Kxf6 27. Rf1+ Kg5 (27... Qf5 28. exf5 Rc1 29. Qh4+
Kf7 30. fxe6+ Kxg6 31. Qe4+ Kh6 32. Qf4+ Kh7 33. exd7 $18) 28. h4+ Kg4 29. Rf4+
Kg3 30. Rf3+ Kg4 31. Ne5+ 1-0

[Event "ROM-ch"]
[Site "Iasi"]
[Date "1999.12.16"]
[Round "4"]
[White "Parligras, Mircea Emilian"]
[Black "Badea, Bela"]
[Result "1/2-1/2"]
[WhiteElo "2377"]
[BlackElo "2484"]
[Annotator "Finkel,A"]
[PlyCount "75"]
[EventDate "1999.12.13"]
[EventType "tourn"]
[EventRounds "15"]
[EventCountry "ROU"]
[EventCategory "9"]
[SourceTitle "CBM 075"]
[Source "ChessBase"]
[SourceDate "2000.04.05"]
[SourceVersion "1"]
[SourceVersionDate "2000.04.05"]
[SourceQuality "1"]

1. e4 g6 2. d4 d6 3. Nc3 Bg7 4. f4 Nc6 5. Be3 Nf6 6. Nf3 O-O 7. e5 dxe5 (7...
Ng4 8. Bg1 Nh6 (8... dxe5 9. fxe5 $5 Nh6 (9... Bh6 $6 10. Qe2 $16) 10. Qe2 Bf5
11. a3 Bg4 12. O-O-O Nf5 13. Qe4 Bxf3 14. gxf3 e6 15. Bh3 $14 {Sax,
G-Azmauparashvili,Z/Manila(ol)/1992}) 9. h3 f6 $6 10. d5 Nb4 (10... Nb8 11. e6
c6 12. g4 Na6 13. Qd2 b5 14. f5 $1 $16) 11. a3 Na6 12. e6 $16 {de Firmian,
N-Azmayparashvili,Z/Reykjavik/1990}) 8. dxe5 {This move leads to an endgame
with slightly better chanses for white,so for those who prefer sharp tactical
stuggle it;s recommended to play 8.f:e5!} Ng4 (8... Nh5 $5 9. Bc4 Bh6 10. g3
Bg4 11. Qe2 Kh8 12. Rd1 Qc8 13. Ne4 f6 14. O-O Qf5 $1 $10 {Ehlvest,J-Nogueiras,
J/Biel(izt)/1993}) 9. Bg1 ({Nothing promises} 9. Bd2 f6 10. Bc4+ Kh8 11. h3 Nh6
12. exf6 exf6 13. O-O Nf5 14. Kh2 Nd6 15. Bd5 Ne7 16. Be3 Nxd5 17. Qxd5 Re8 18.
Bf2 {1/2-1/2 Zarnicki,P-Nogueiras,J/Capablanca mem-A 1993}) 9... f6 (9... Qxd1+
10. Rxd1 f6 11. exf6 exf6 12. Bc4+ Kh8 13. h3 Nh6 (13... Re8+ 14. Kf1 Nh6 15.
g4 Na5 16. Bb5 c6 17. Bd3 Be6 18. Rh2 Nc4 19. Rb1 f5 20. g5 Nf7 $15 {Sorensen,
J-Mortensen,E/DEN-ch/1991/}) 14. Bc5 (14. Nd5 $5 Be6 15. Bc5 $14) 14... Re8+
15. Kf2 Bf5 (15... b6 16. Bd5 Bb7 17. Nd4 Nxd4 18. Bxd4 c6 19. Be4 Re7 $11 {
Gruenfeld,Y-Davies,N/Tel Aviv/1990}) (15... Be6 16. Bb5 $5 $14) 16. Rd2 Na5 17.
Be2 b6 18. Ba3 Rad8 19. Rhd1 Rxd2 20. Rxd2 Nf7 $11 {Kindermann,S-Lau,R/BL 8990}
) 10. Bc4+ Kh8 11. h3 (11. Nb5 Bf5 12. h3 Nh6 13. Qe2 fxe5 14. g4 a6 15. Nc3
Bd7 16. O-O-O Rxf4 17. Bh2 Rxf3 $1 18. Qxf3 e6 $13 {Balashov,Y-Rukavina,J/
Sochi/1973/}) 11... Qxd1+ (11... Nh6 12. Qe2 fxe5 13. fxe5 e6 14. Bb5 $5 Rxf3
$6 (14... Qe8 $5) (14... Bd7 $5) 15. Qxf3 Nxe5 16. Qe2 $16) 12. Rxd1 Nh6 13.
Bh2 fxe5 14. Nxe5 (14. fxe5 $2 Bxh3 15. O-O Bg4 16. Rde1 Bxf3 17. Rxf3 Ng4 $17
{Mortensen,E-Davies,N/Graested/1990}) 14... Nxe5 (14... Nf5 $5 15. Nxc6 (15.
Nf7+ Kg8 16. Nd6+ Kh8 $10) 15... bxc6 16. Rd2 Rb8 17. Bb3 c5 $132) 15. fxe5 b6
(15... c6 16. Rf1 Re8 $2 17. g4 b5 18. Bb3 a5 19. a4 Rb8 20. Ra1 $16 {1-0
Antonio,R-Tkachiev,V/Jakarta 1994}) (15... Nf5 $5) 16. Rf1 $6 (16. Bd5 $1 Rb8
17. e6 Ba6 $5 (17... Bb7 $6 18. Bxb7 (18. Bxc7 $2 Rbc8 19. Bh2 Bxd5 20. Rxd5
Rc6 $15) 18... Rxb7 19. Rf1 $1 $16)) 16... Bb7 17. Bd5 (17. Nd5) 17... Rxf1+
18. Kxf1 Rf8+ 19. Kg1 Ba6 20. g4 ({After} 20. e6 {intending to cut the black
knight on h6 off,black gets sfficient counterchanse:} c5 21. g4 Bd4+ 22. Kh1
Ng8 23. g5 h6 $13) 20... Nf7 21. Bxf7 (21. Re1) 21... Rxf7 22. e6 $6 {
Releasing black bishop on g7.Better was} (22. Rd7 $1 Bh6 23. Rxc7 (23. Nd5 $5)
(23. e6 Be3+ 24. Kg2 Bb7+ 25. Nd5 Bxd5+ 26. Rxd5 Rf2+ 27. Kh1 Rf1+ $11) 23...
Be3+ 24. Kh1 $1 Rf1+ 25. Kg2 Rf8 $1 (25... Rf2+ 26. Kg3 Rxc2 27. Rxe7 Rxb2 28.
Nd5 $16 {[%csl Rh8][%cal Gd5f6]}) 26. Nd5 Bf1+ 27. Kh1 $14 {and white keeps
wining chanses.}) 22... Rf8 23. Bxc7 Bc4 (23... Bc8 24. Bd8 Bxe6 (24... Re8 $2
25. Nb5 $1 $16) 25. Bxe7 Re8 26. Bh4 $11) 24. Rd7 Bxe6 25. Rxe7 Bd4+ 26. Kg2
Bxc3 27. bxc3 Bd5+ 28. Kg3 Kg8 $1 $11 {Now black easily holds the position.}
29. Bf4 Rf7 30. Re8+ Rf8 31. Re5 (31. Re7 Rf7 $11) 31... Bxa2 32. Bh6 Ra8 33.
Re7 Bf7 34. Rb7 a5 35. Bc1 a4 36. Ba3 Rc8 37. Kf4 Bd5 (37... Rxc3 $4 38. Rb8+
Kg7 39. Bb2 $18 {[%cal Gb2g7]}) 38. Rxb6 1/2-1/2

[Event "Ubeda op 5th"]
[Site "Ubeda"]
[Date "2000.01.22"]
[Round "4"]
[White "Holmsten, Aleksei"]
[Black "Dzhumaev, Marat"]
[Result "1-0"]
[WhiteElo "2364"]
[BlackElo "2483"]
[Annotator "Finkel,A"]
[PlyCount "59"]
[EventDate "2000.01.19"]
[EventType "swiss"]
[EventRounds "10"]
[EventCountry "ESP"]
[SourceTitle "CBM 075"]
[Source "ChessBase"]
[SourceDate "2000.04.05"]
[SourceVersion "1"]
[SourceVersionDate "2000.04.05"]
[SourceQuality "1"]

1. e4 g6 2. d4 Bg7 3. Nc3 d6 4. f4 Nf6 5. e5 $5 {Rare variation,promising
white no opening advantage,but strangely enough white's results in it are
quiet impressive and in reality everything is not that simple as it seems.}
dxe5 6. dxe5 Qxd1+ 7. Kxd1 Ng4 8. Ke1 c6 $5 {Covering squares b5 and d5.} 9. h3
(9. Nf3 O-O 10. h3 Nh6 11. g4 f6 12. Bc4+ Nf7 13. exf6 exf6 14. Kf2 Nd7 15. Be3
Re8 16. Rhe1 $14 {Nielsen,S-Hoi,C/Copenhagen op17 1995}) 9... Nh6 10. g4 (10.
Kf2 f6 11. exf6 exf6 12. Bc4 Kd8 13. g4 Re8 14. Nf3 Nd7 15. Rd1 b5 16. Bb3 Kc7
17. Be3 $14 {Filipovic,B-Shvartz,M/Bratislava op 1993}) 10... f6 11. exf6 exf6
12. Bc4 f5 (12... b5 13. Be2 a6 14. Be3 f5 15. g5 Nf7 16. Bf3 O-O 17. Rd1 Rd8
18. Rxd8+ Nxd8 19. Nge2 $14 {Schmidt,D-Schoeneich,M/OL-NO9798}) (12... Nd7 13.
Rh2 Kd8 14. Be3 b5 15. Bf1 Re8 16. Kd2 Bb7 $132 {Konjevic,D-Govedarica,R/
JUG-chT2 1994}) 13. g5 Nf7 14. Nf3 O-O (14... Nd6 $6 15. Bb3 Na6 16. Be3 Bxc3+
17. bxc3 c5 18. Rd1 Ke7 19. Ne5 $14) 15. Be3 Re8 16. Kf2 Na6 (16... Be6 17.
Bxe6 Rxe6 18. Bd4 Nd7 19. Bxg7 Kxg7 20. Rad1 $14) 17. Rhe1 (17. Bxa6 $5) 17...
Be6 $2 {It turns out that the position after 18.B:a6 is dangerous for black so
better was} (17... Nc7) 18. Bxa6 Bxc3 19. bxc3 bxa6 20. Bc5 $1 $14 {[%csl Rf7,
Rg8]} Bd5 21. a3 $5 Be4 (21... Rad8 22. Rxe8+ Rxe8 23. Rb1 Nd8 24. Rb8 Bxf3 25.
Kxf3 Kf7 26. Ra8 Ne6 27. Rxa7+ $18) 22. Rab1 $1 Rad8 (22... Bxc2 23. Rxe8+ Rxe8
24. Rb7 Nd8 25. Rb8 $16 {[%cal Gf3e5]}) 23. Rb7 Rd5 24. Bd4 $1 $16 Red8 (24...
Nd6 25. Rg7+ Kf8 26. Rxh7 $16) 25. Bf6 R8d7 $2 26. Rb8+ Nd8 27. c4 $18 R5d6 28.
Ne5 Rd2+ 29. Re2 Rb7 30. Rxd2 1-0